| 000 | 00000nam##2200000za#4500 |
| 001 | 9.696697 |
| 003 | CaOODSP |
| 005 | 20220125145842 |
| 007 | cr ||||||||||| |
| 008 | 150407|1992||||xxc|||||o f|0| 0 eng|d |
| 040 | |aCaOODSP|beng |
| 043 | |an-cn--- |
| 086 | 1 |aD3-7/1992E-PDF |
| 110 | 1 |aCanada. |bDepartment of National Defence. |
| 245 | 10|aCanadian defence policy |h[electronic resource] |
| 246 | 1 |aDefence policy 1992 |
| 260 | |aOttawa - Ontario : |bNational Defence |c1992. |
| 300 | |a40p. |
| 590 | |a12-38-Supp|b2012-09-27 |
| 690 | 07|aDefence policy|2gcpds |
| 775 | 08|tLa politique de défense du Canada |w(CaOODSP)9.640805 |
| 856 | 40|ahttp://publications.gc.ca|qPDF|s13.38 MB|uhttps://publications.gc.ca/collections/collection_2012/dn-nd/D3-7-1992-eng.pdf |